000 00292nam a2200121Ia 4500
008 240731s9999 xx 000 0 und d
022 _a1469-2937
245 0 _aAsia-Pacific Review
260 _bRoutledge
856 _uhttps://www.tandfonline.com/loi/capr20
942 _2ddc
942 _cTFEJ
999 _c75455
_d75455
945 _a1
_bMadushi Gamage
_c1
_dMadushi Gamage